000 00754nam a2200217Ia 4500
003 GCL
008 140319s9999 xx 000 0 ara d
020 _a689301977
040 _aGCL /
_cGCL
082 0 4 _a823
_bا ر
100 1 _aالن ، والتر
245 1 0 _aالرواية الانجليزية /
_cالن ، والتر
700 1 _aصفوت عزيز جرجس (مترجم)
700 1 _aمرسى سعدالدين
260 _aالقاهرة :
_bالهيئة المصرية العامة للكتاب ،
_c1986
300 _a375 ص ؛
_c25 سم
490 _aالالف كتاب الثانى
_v8
650 0 4 _aالقصة الانجليزية المترجمة
650 0 4 _aالادب الانجليزى المترجم
942 _2ddc
_cBK
999 _c27892
_d27892